00384pab a2200133 454500008004000000100001700040245006200057260000900119300001300128362001100141650003600152650002800188773003400216180718b2011 xxu||||| |||| 00| 0 eng d aShukla, S.P. aOn the current political scene: Travails and trajectories c2011 ap.10-12. a15 Oct aIndia - Politics and government aPolitics and government aEconomic and Political Weekly